Funkcia vyučovania dejepisu v systéme komunistickej výchovy na ZDŠ /

Hlavní autor: Dullová, Valéria
Jazyk: Slovenština
Vydáno: Bratislava : Slovenské pedagogické nakladateľstvo, 1973
Vydání: 1. vyd.
Témata:
Fyzický popis: 85 s.
Knihy
Uloženo v:
LEADER 00911nam a22002292a 4500
001 000388952
003 CZ BrMZK
005 20121219092717.0
007 ta
008 980107s1973 xo f slo d
040 |a BOA001  |b cze 
100 1 |a Dullová, Valéria  |7 jx20071219027  |4 aut 
245 1 0 |a Funkcia vyučovania dejepisu v systéme komunistickej výchovy na ZDŠ /  |c Valéria Dullová 
250 |a 1. vyd. 
260 |a Bratislava :  |b Slovenské pedagogické nakladateľstvo,  |c 1973 
300 |a 85 s. 
504 |a Obsahuje bibliografii 
910 |a BOA001  |b PK-0069.452  |b 2-0709.152 
964 |a Dějepis - výchova komunistická - pojednání - školy základní devítileté 
990 |a BK 
996 7 |b 2619661142  |c 2-0709.152  |l Sklad H1  |r Sklad / do 24 hodin  |n 0  |h HS212  |w 000388952  |u 000020  |a 1  |e BOA001  |j MZK50  |s A 
996 7 |b 3119814230  |c PK-0069.452  |l MZK  |r Sklad / do 1 hodiny  |n 0  |w 000388952  |u 000010  |a 1  |e BOA001  |j MZK50  |s A